[Event "EU-ch U18"]
[Site "Vejen"]
[Date "1993.??.??"]
[Round "1"]
[White "Aleksandrov, Aleksej"]
[Black "Shulman, Yuri"]
[Result "1/2-1/2"]
[WhiteElo "2530"]
[BlackElo "2340"]

1.d4 Nf6 2.c4 g6 3.Nc3 Bg7 4.e4 O-O 5.Bd3 Nc6 6.d5 Nd4 7.Be3 e5 8.dxe6 dxe6
9.e5 Ne8 10.Bxd4 Qxd4 11.Nf3 Qg4 12.h3 Qf4 13.Ne2 Qh6 14.O-O f6 15.exf6 Bxf6
16.Nc3 Nd6 17.c5 Nf5 18.Qe2 Qg7 19.Bc4 Kh8 20.Rae1 Nd4 21.Nxd4 Bxd4 22.Bxe6 Bxe6
23.Qxe6 Bxc5 24.Rd1 Rae8 25.Qd5 Qe5 26.Rd2 Qxd5 27.Nxd5 Rd8 28.Rfd1 Rf7 29.Nc3 Rxd2
30.Rxd2 Re7 31.Kf1 c6 32.f3 Bb4 33.Rd8+ Kg7 34.Ne4 Ba5 35.Rd3 Bc7 36.Ke2 h6
37.Kd1 Be5 38.Kc2 Kf7 39.Rd8 b6 40.b3 Ke6 41.Ra8 c5 42.Kd3 Kd5 43.Rg8 Re6
44.Ra8 Re7 45.Rg8 Rg7 46.Rh8 h5 47.Rd8+ Kc6 48.Re8 Bc7 49.Nf6 Bd6 50.Rc8+ Kb7
51.Re8 Kc6 52.g4 hxg4 53.hxg4 g5 54.Ke4 b5 55.Re6 Re7 56.Rxe7 Bxe7 57.Nd5 Bd8
58.f4 gxf4 59.Nxf4 Kd6 60.Nd5 Bg5 61.Nc3 Kc6 62.Kf5 Bh6 63.Ke4 Bg7 64.Ne2 Kd6
65.g5 Be5 66.Ng1 c4 67.Nf3 Bh8 68.bxc4 bxc4 69.Nd4 Kc5 70.Nc2 Bg7 71.g6 Bh8
72.Ke3  1/2-1/2

[Event "EU-ch U18"]
[Site "Vejen"]
[Date "1993.??.??"]
[Round "6"]
[White "Shulman, Yuri"]
[Black "Babula, Vlastimil"]
[Result "0-1"]
[WhiteElo "2380"]
[BlackElo "2395"]

1.d4 Nf6 2.c4 g6 3.Nc3 Bg7 4.e4 d6 5.Nf3 O-O 6.Be2 e5 7.Be3 Ng4 8.Bg5 f6
9.Bh4 g5 10.Bg3 Nh6 11.h3 Nc6 12.d5 Nd4 13.Nxd4 exd4 14.Qxd4 f5 15.Qd2 f4
16.Bh2 Be5 17.Bh5 c5 18.f3 Bd7 19.O-O a6 20.a4 b6 21.Ra3 Rb8 22.Qe2 Nf7 23.Kh1 Bd4
24.Bg4 Ne5 25.Bg1 Nxg4 26.fxg4 Be5 27.Rb1 h5 28.Nd1 hxg4 29.hxg4 Kg7 30.b4 Rh8+
31.Rh3 Qf6 32.Nf2 Bd4 33.Qf3 Bxa4 34.Rxh8 Rxh8+ 35.Nh3 cxb4 36.Rxb4 Bd7 37.Qd1 Be5
38.Rxb6 f3 39.Rb7 f2 40.Rxd7+ Kg6 41.Bxf2 Qxf2 42.Rxd6+ Bxd6 43.e5 Bxe5 44.Qb1+ Kf6  0-1

[Event "EU-ch U18"]
[Site "Vejen"]
[Date "1993.??.??"]
[Round "7"]
[White "Aagaard, Jacob"]
[Black "Shulman, Yuri"]
[Result "1-0"]
[WhiteElo "2255"]
[BlackElo "2380"]

1.d4 Nf6 2.c4 g6 3.Nc3 Bg7 4.Bg5 d6 5.e3 h6 6.Bh4 Nbd7 7.Be2 e6 8.Qc2 Qe7
9.Rd1 a6 10.a3 O-O 11.Nf3 g5 12.Bg3 Nh5 13.O-O f5 14.b4 b6 15.Nd2 g4 16.Rfe1 Bb7
17.Nf1 Nxg3 18.Nxg3 Qf7 19.d5 e5 20.e4 f4 21.Nf5 h5 22.c5 bxc5 23.Na4 c4
24.Bxc4 Kh8 25.b5 axb5 26.Bxb5 Nf6 27.Rc1 Nxe4 28.Nxg7 Bxd5 29.Qxc7 Kxg7
30.Nb6 Rab8 31.Bd3 Qxc7 32.Rxc7+ Bf7 33.Nd7 Nf6 34.Nxb8 Rxb8 35.Rb1 Rf8 36.Rbb7 e4
37.Bb5 Kg6 38.a4 d5 39.Rxf7 Rxf7 40.Rxf7 Kxf7 41.a5 d4 42.a6 d3 43.a7 d2
44.Ba4 e3 45.fxe3 fxe3 46.Bd1  1-0

[Event "EU-ch U18"]
[Site "Vejen"]
[Date "1993.??.??"]
[Round "10"]
[White "Shulman, Yuri"]
[Black "Nilssen, John Arni"]
[Result "1-0"]
[WhiteElo "2380"]
[BlackElo "2265"]

1.d4 Nf6 2.c4 d6 3.Nf3 Nbd7 4.Nc3 e5 5.e4 Be7 6.Be2 c6 7.O-O a6 8.Be3 b5
9.a3 Bb7 10.b4 bxc4 11.Bxc4 d5 12.dxe5 dxc4 13.exf6 Bxf6 14.Bd4 O-O 15.e5 Be7
16.Qe2 c5 17.bxc5 Nxc5 18.Bxc5 Bxc5 19.Rfd1 Qe7 20.Nd5 Bxd5 21.Rxd5 Rac8
22.Rc1 Bxa3 23.Rxc4 Qb7 24.Rxc8 Rxc8 25.Rd1 Qb3 26.Ne1 a5 27.h3 Bb4 28.Nf3 h6
29.Kh2 a4 30.Rd4 Rb8 31.Rd3 Qe6 32.Nd4 Qb6 33.Nc2 Bf8 34.f4 Qa6 35.Qe3 Qe6
36.Qe4 Rb3 37.Rd8 a3 38.Nd4 Qb6 39.Qa8 Rb4 40.Rxf8+ Kh7 41.Rh8+ Kg6 42.Qe4+ Kh5
43.g4+  1-0

[Event "Gausdal Int"]
[Site "Gausdal"]
[Date "1994.??.??"]
[Round "2"]
[White "Beshukov, Sergei"]
[Black "Shulman, Yuri"]
[Result "1-0"]
[WhiteElo "2495"]
[BlackElo "2435"]

1.d4 Nf6 2.Bg5 Ne4 3.Bf4 c5 4.f3 Nf6 5.dxc5 Na6 6.e4 Nxc5 7.Nc3 g6 8.Be3 Ne6
9.e5 Nh5 10.Qd2 Qa5 11.g4 Nhg7 12.O-O-O Qxe5 13.Bb5 Qc7 14.Nd5 Qd8 15.Qc3 f6
16.h4 Kf7 17.h5 gxh5 18.Ne2 d6 19.Bc4 Bd7 20.Qd3 b5 21.Bb3 hxg4 22.Rxh7 Rxh7
23.Qxh7 Qa5 24.fxg4 Ke8 25.Qg8 Rc8 26.Bh6 Rc5 27.Nef4 Bc6 28.Bxg7 Nxg7 29.Nxf6+  1-0

[Event "Gausdal Int"]
[Site "Gausdal"]
[Date "1994.??.??"]
[Round "5"]
[White "Henriksen, Morten"]
[Black "Shulman, Yuri"]
[Result "0-1"]
[WhiteElo "2165"]
[BlackElo "2435"]

1.d4 Nf6 2.c4 g6 3.Nc3 Bg7 4.e4 O-O 5.Nf3 d6 6.Be2 Nbd7 7.O-O e5 8.d5 Nc5
9.Qc2 a5 10.Nd2 Ne8 11.Nb3 Nd7 12.Be3 f5 13.f3 f4 14.Bf2 b6 15.Nc1 h5 16.a3 g5
17.Nd3 Rf6 18.b4 Rg6 19.Rfc1 g4 20.Kf1 Bh6 21.Bg1 Qh4 22.Bd1 Ndf6 23.Ne1 Nh7
24.Ra2 Nef6 25.Rb1 Kh8 26.Rbb2 Rg7 27.c5 Ng5 28.cxd6 cxd6 29.Na4 axb4 30.axb4 Bd7
31.b5 Rc8 32.Qd3 gxf3 33.Bxf3 Rc1 34.Qd2 Nxf3 35.Qxc1 Nxh2+ 36.Bxh2 Qxh2
37.Rc2 Qh1+ 38.Kf2 Ng4+ 39.Kf3 Qf1+ 40.Rf2 Nh2+  0-1

[Event "Gausdal Int"]
[Site "Gausdal"]
[Date "1994.??.??"]
[Round "6"]
[White "Shulman, Yuri"]
[Black "Tregubov, Pavel V"]
[Result "0-1"]
[WhiteElo "2435"]
[BlackElo "2545"]

1.d4 d5 2.c4 c6 3.Nf3 e6 4.Nc3 dxc4 5.a4 Bb4 6.e3 b5 7.Bd2 a5 8.axb5 Bxc3
9.Bxc3 cxb5 10.b3 Bb7 11.d5 Nf6 12.bxc4 b4 13.Bxf6 Qxf6 14.Qa4+ Nd7 15.Nd4 e5
16.Nb3 Ke7 17.Be2 Rhb8 18.Bg4 Bc8 19.O-O Nb6 20.Qb5 Bxg4 21.Nxa5 Nd7 22.Nc6+ Kf8
23.Rxa8 Rxa8 24.Qb7 Re8 25.f3 Qg5 26.fxg4 Qxe3+ 27.Kh1 Nf6 28.Qxb4+ Kg8 29.Qe1 Qd3
30.Qc1 Nxg4 31.h3 Nf6 32.Rf3 Qe4 33.Re3 Qf4 34.Kg1 e4 35.Qa3 h5 36.d6 Kh7
37.c5 Ra8 38.Qc3 Nd5 39.g3 Ra1+ 40.Qxa1 Qxe3+ 41.Kf1 Qf3+ 42.Kg1 Qxg3+ 43.Kf1 Ne3+
44.Ke2 Qf3+ 45.Kd2 Nc4+ 46.Kc2 Qd3+ 47.Kc1 Qd2+ 48.Kb1 Qd1+  0-1

[Event "Gausdal Int"]
[Site "Gausdal"]
[Date "1994.??.??"]
[Round "8"]
[White "Shulman, Yuri"]
[Black "Gunnarsson, A."]
[Result "1-0"]
[WhiteElo "2435"]
[BlackElo "2040"]

1.d4 f5 2.h3 d5 3.Bf4 Nf6 4.e3 e6 5.c4 Be7 6.Bd3 O-O 7.Ne2 b6 8.cxd5 Nxd5
9.Nbc3 Bb7 10.O-O c5 11.dxc5 Bxc5 12.Bc4 Kh8 13.Nxd5 exd5 14.Bb3 Na6 15.Qd2 Qe7
16.a3 Rad8 17.Rfd1 Nc7 18.Ba2 Ne6 19.b4 Bd6 20.Bxd6 Qxd6 21.Nd4 Ng5 22.Rac1 Qd7
23.Qc2 Rc8 24.Qd3 Ne4 25.f3 Nd6 26.Ne2 Qe7 27.Nf4 Nc4 28.Re1 Qf7 29.Rc3 Rfe8
30.Qd4 h6 31.h4 Kh7 32.h5 Rc7 33.Rec1 Rec8 34.Kf2 Nd6 35.Bxd5 Bxd5 36.Rxc7 Rxc7
37.Rxc7 Qxc7 38.Qxd5 Qc2+ 39.Kg3 Nc4 40.Qe6 Nd2 41.Qg6+ Kg8 42.Qe8+ Kh7 43.Ng6 Nf1+
44.Kh3  1-0

[Event "Peer Gynt"]
[Site "Gausdal"]
[Date "1994.??.??"]
[Round "8"]
[White "Shulman, Yuri"]
[Black "Pein, Malcolm"]
[Result "1-0"]
[WhiteElo "2435"]
[BlackElo "2420"]

1.e4 e5 2.Nc3 Nc6 3.f4 exf4 4.Nf3 d6 5.d4 g5 6.h4 g4 7.Ng5 Bg7 8.Bc4 Nh6
9.Bxf4 Nxd4 10.Qd2 O-O 11.O-O-O b5 12.Be3 Nxc2 13.Kxc2 bxc4 14.Rdf1 Rb8 15.Nh3 Nf5
16.exf5 gxh3 17.gxh3 Be5 18.Bh6 Kh8 19.Bxf8 Qxf8 20.f6 Bb7 21.Rhg1 Be4+ 22.Kc1 d5
23.Rg5 Re8 24.Nxe4 dxe4 25.Qd5 Qd6 26.Rxe5 Qxe5 27.Qxf7 Rg8 28.Qxc4 e3 29.f7 Rf8
30.Rg1 h6 31.Rg8+  1-0

[Event "Peer Gynt"]
[Site "Gausdal"]
[Date "1994.??.??"]
[Round "9"]
[White "Tregubov, Pavel V"]
[Black "Shulman, Yuri"]
[Result "1-0"]
[WhiteElo "2545"]
[BlackElo "2435"]

1.d4 Nf6 2.Bg5 e6 3.e4 d5 4.e5 h6 5.Be3 Nfd7 6.f4 c5 7.c3 Nc6 8.Nf3 cxd4
9.cxd4 Nb6 10.Nbd2 Bd7 11.Be2 a5 12.O-O a4 13.Ne1 Be7 14.Nd3 O-O 15.Rc1 Na5
16.Nc5 Bxc5 17.dxc5 Nbc4 18.Nxc4 Nxc4 19.Bd4 Bb5 20.Rf3 Qd7 21.Rg3 Na5 22.f5 Bxe2
23.Qxe2 Kh7 24.Rxg7+ Kxg7 25.f6+ Kh7 26.Qd3+ Kh8 27.Qh3 Kh7 28.Be3  1-0

[Event "BLR-ch"]
[Site "Minsk"]
[Date "1994.??.??"]
[Round "?"]
[White "Rustemov, Alexander"]
[Black "Shulman, Yuri"]
[Result "1/2-1/2"]
[WhiteElo "2435"]
[BlackElo "2425"]

1.d4 Nf6 2.c4 g6 3.Nc3 Bg7 4.e4 O-O 5.Be3 d6 6.f3 c5 7.dxc5 dxc5 8.e5 Nfd7
9.f4 f6 10.exf6 Nxf6 11.Qxd8 Rxd8 12.Bxc5 Bf5 13.Nge2 Nc6 14.Ng3 Be6 15.Be2 Nd7
16.Be3 Nb6 17.Bxb6 axb6 18.Nge4 Nd4 19.Bd3 Nb3 20.Rd1 Nc5 21.Nxc5 Bxc3+ 22.bxc3 bxc5
23.Rd2 Rd6 24.Ke2 Rad8 25.Ke3 Kg7 26.Rhd1 Bg4 27.Re1 b5 28.h3 Bf5 29.Red1 Re6+
30.Kf3 Red6  1/2-1/2

[Event "Minsk"]
[Site "Minsk"]
[Date "1994.??.??"]
[Round "1"]
[White "Volke, Karsten"]
[Black "Shulman, Yuri"]
[Result "0-1"]
[WhiteElo "2480"]
[BlackElo "2425"]

1.b4 Nf6 2.Bb2 e6 3.b5 a6 4.a4 c6 5.bxc6 bxc6 6.Nf3 c5 7.g3 Nc6 8.Bg2 Rb8
9.Ba3 d5 10.O-O Be7 11.d3 O-O 12.Nbd2 Qc7 13.c3 a5 14.Qc2 Ba6 15.Rfe1 Rfd8
16.Rab1 e5 17.Rxb8 Rxb8 18.Qa2 h6 19.Nh4 Qd7 20.Rb1 g5 21.Rxb8+ Nxb8 22.Qb3 Bd6
23.Nhf3 e4 24.dxe4 dxe4 25.Ne1 e3 26.fxe3 c4 27.Qb6 Bxa3 28.Qxb8+ Kg7 29.Nef3 Qxa4
30.Nd4 Qe8 31.Nf5+ Kg6 32.Qb1 Qb5 33.Ne7+ Kg7 34.Nf5+ Kg6 35.Ne7+ Kg7 36.Nf5+ Kf8
37.Qf1 Qe5 38.Qf3 Bc8 39.Nd4 Be6 40.Ne4 Nd5 41.Nc6 Qc7 42.Nd4 Kg7 43.h4 Bc1
44.hxg5 Bxe3+ 45.Kh2 Bxg5 46.Bh3 Qe5 47.Bxe6 fxe6 48.Nc5 Nc7 49.Qc6 Kg6 50.Nd7 Qe3
51.Kg2 Nd5 52.Nf8+ Kh5 53.Nfxe6 Qe4+ 54.Kh2 Nf6 55.Nc5 Qe3 56.Kg2 Qxc3 57.Nf3 Qe3
58.Kh3 Qxe2 59.Nh2 Kg6 60.Nd7 Qh5+ 61.Kg2 Qe2+ 62.Kh3 Qe8  0-1

[Event "Minsk"]
[Site "Minsk"]
[Date "1994.??.??"]
[Round "2"]
[White "Shulman, Yuri"]
[Black "Aleksandrov, Aleksej"]
[Result "1-0"]
[WhiteElo "2425"]
[BlackElo "2535"]

1.e4 e5 2.f4 exf4 3.Nf3 g5 4.h4 gxh4 5.Nc3 Nf6 6.e5 Ng4 7.d4 Ne3 8.Bxe3 fxe3
9.Bc4 Bg7 10.Bxf7+ Kxf7 11.Nxh4 d5 12.O-O+ Kg8 13.Qh5 Be6 14.Nf5 Nc6 15.Nh6+ Bxh6
16.Qxh6 Nxd4 17.Rf4 c5 18.Re1 Bf5 19.Rxe3 Qf8 20.Rg3+ Kf7 21.e6+ Ke8 22.Qh5+ Ke7
23.Nxd5+ Kxe6 24.Nc7+ Ke5 25.Re3+ Kd6 26.Nxa8 Kc6 27.c3 Qd6 28.Rf1 Bg6 29.Qg4 Rxa8
30.cxd4 Qxd4 31.Qf3+ Kb6 32.Rd1 Bh5  1-0

[Event "Minsk"]
[Site "Minsk"]
[Date "1994.??.??"]
[Round "5"]
[White "Luther, Thomas"]
[Black "Shulman, Yuri"]
[Result "1/2-1/2"]
[WhiteElo "2515"]
[BlackElo "2425"]

1.e4 c5 2.Nf3 e6 3.d4 cxd4 4.Nxd4 a6 5.Bd3 Nc6 6.Nxc6 bxc6 7.O-O e5 8.f4 d6
9.Bc4 Nf6 10.fxe5 Qb6+ 11.Kh1 dxe5 12.Qf3 Be7 13.Qb3 Qxb3 14.axb3 Be6 15.Bxe6 fxe6
16.Nc3 O-O 17.Be3 Bb4 18.Na2 Be7 19.Nc3 Bb4 20.Na2 Be7 21.Nc3  1/2-1/2

[Event "BLR-ch"]
[Site "Minsk"]
[Date "1994.??.??"]
[Round "9"]
[White "Fedorov, Alexei"]
[Black "Shulman, Yuri"]
[Result "0-1"]
[WhiteElo "2505"]
[BlackElo "2425"]

1.e4 e6 2.d4 d5 3.Nc3 Bb4 4.e5 c5 5.a3 Bxc3+ 6.bxc3 Ne7 7.Nf3 Bd7 8.h4 Nbc6
9.h5 Qa5 10.Bd2 h6 11.Rb1 O-O-O 12.Rb5 Qxa3 13.Qb1 c4 14.Rxb7 Qa6 15.Rb2 Kc7
16.Ra2 Qb6 17.Rb2 Qa6 18.Ra2 Qb6 19.Qa1 Rb8 20.Bc1 Qb1 21.Kd2 Be8 22.Ba3 Qxa1
23.Rxa1 Kd7 24.g3 f6 25.exf6 gxf6 26.Bh3 Bf7 27.Rhe1 Rhg8 28.Nh4 Nc8 29.Ng6 Nd6
30.Nf4 f5 31.Bxd6 Kxd6 32.Bg2 a5 33.Re3 Rge8 34.Bh3 Ra8 35.g4 fxg4 36.Bxg4 e5
37.dxe5+ Nxe5 38.Bf5 a4 39.Bg6 Rf8 40.Ke2 a3 41.Ra2 Ng4 42.Rf3 Rae8+ 43.Kd1 Bxg6
44.hxg6 Ne5 45.g7 Nxf3 46.gxf8=Q+ Rxf8 47.Ne2 Ra8 48.Ng3 Ng5 49.Nf5+ Ke5
50.Nxh6 Kf4  0-1

[Event "Minsk"]
[Site "Minsk"]
[Date "1994.??.??"]
[Round "10"]
[White "Kupreichik, Viktor D"]
[Black "Shulman, Yuri"]
[Result "1/2-1/2"]
[WhiteElo "2515"]
[BlackElo "2425"]

1.c4 e5 2.Nc3 Nf6 3.g3 c6 4.d4 d6 5.Bg2 Nbd7 6.Nf3 g6 7.O-O Bg7 8.b3 O-O
9.Ba3 exd4 10.Nxd4 Nc5 11.Qd2 Re8 12.Rad1 Qb6 13.Nxc6 bxc6 14.Qxd6 Nfd7 15.Bxc6 Re6
16.Nd5 Rxd6 17.Nxb6 Rxc6 18.Nxa8 Bf6 19.b4 Ne4 20.c5 Nc3 21.Rd2 Ne5 22.Bb2 Nc4
23.Bxc3 Nxd2 24.Bxd2 Bb7 25.Rc1 Bxa8 26.b5 Rc8 27.c6 a6 28.a4 h5 29.h4 Kf8
30.e4 Ke7 31.Kf1 Bd4 32.Ba5 Kd6 33.f4 axb5 34.axb5 Rb8 35.Rc4 Bc5 36.Bc7+ Kxc7
37.Rxc5 Re8 38.e5 Rd8 39.e6 fxe6 40.Rg5 Rg8 41.Ke2 Kd6 42.g4 Rf8 43.Ke3 hxg4
44.Rxg6 Rb8 45.Rg5 g3 46.h5 g2 47.Kf2 Rf8 48.Rg4 Rf5 49.Rg5 Rxf4+ 50.Kxg2 Rf8
51.h6 Bxc6+ 52.bxc6 Kxc6 53.h7 Rh8 54.Rg7 e5  1/2-1/2

[Event "Minsk"]
[Site "Minsk"]
[Date "1994.??.??"]
[Round "11"]
[White "Shulman, Yuri"]
[Black "Malisauskas, Vidmantas"]
[Result "1-0"]
[WhiteElo "2425"]
[BlackElo "2525"]

1.d4 Nf6 2.c4 g6 3.Nc3 d5 4.cxd5 Nxd5 5.e4 Nxc3 6.bxc3 Bg7 7.Nf3 c5 8.Rb1 O-O
9.Be2 b6 10.O-O Bb7 11.Qd3 Ba6 12.Qe3 Qd7 13.Rd1 cxd4 14.cxd4 Rc8 15.Bxa6 Nxa6
16.Qb3 Qb7 17.Re1 e6 18.Bf4 Nb8 19.d5 exd5 20.exd5 Nd7 21.d6 Nc5 22.Qe3 Ne6
23.Be5 Rd8 24.Rbd1 Rac8 25.Qd2 Rc5 26.d7 Qc6 27.Bxg7 Nxg7 28.Ne5 Qe6 29.Qf4 Nh5
30.Qd4 Qf6 31.g3 Ng7 32.Qe4 h5 33.h4 g5 34.hxg5 Qxg5 35.Nc6 h4 36.Nxd8 hxg3
37.f4 Qh4 38.Rd2 g2 39.Rxg2 Rc4 40.Qxc4 Qxe1+ 41.Qf1  1-0

[Event "Moscow ol (Men)"]
[Site "Moscow"]
[Date "1994.??.??"]
[Round "1"]
[White "Sasaki, Katsumi"]
[Black "Shulman, Yuri"]
[Result "0-1"]
[WhiteElo "2190"]
[BlackElo "2435"]

1.e4 e6 2.d4 d5 3.e5 c5 4.c3 Qb6 5.Nf3 Nc6 6.Bd3 cxd4 7.cxd4 Bd7 8.O-O Nxd4
9.Nxd4 Qxd4 10.Qe2 Ne7 11.Nc3 Nc6 12.Nb5 Qxe5 13.Qxe5 Nxe5 14.Nc7+ Kd8 15.Nxa8 Nxd3
16.Be3 Bc5 17.b4 Bxe3 18.fxe3 Ke7 19.Nc7 Rc8 20.Rfd1 Nb2 21.Nxd5+ exd5 22.Rxd5 Rc2
23.b5 Be6 24.Rg5 g6 25.a4 Nc4 26.Rg3 Kd6 27.Rf3 Re2 28.Kf1 Rxe3 29.Rxe3 Nxe3+
30.Kf2 Nd5 31.Rc1 Nb6 32.Ra1 Kc5 33.Rc1+ Bc4 34.Ra1 Kb4 35.a5 Nd5 36.b6 axb6
37.axb6 Nxb6 38.Kf3 Kc5 39.Kg4 h6 40.Ra5+ Kd4 41.h4 Be6+ 42.Kf3 Nd5  0-1

[Event "St Petersburg"]
[Site "St Petersburg"]
[Date "1994.??.??"]
[Round "?"]
[White "Shulman, Yuri"]
[Black "Peregudov, Nickolai"]
[Result "1/2-1/2"]
[WhiteElo "2425"]
[BlackElo "2470"]

1.d4 Nf6 2.c4 d6 3.Nc3 Nbd7 4.e4 e5 5.Nf3 Be7 6.Be2 c6 7.O-O O-O 8.Be3 a6
9.a3 Re8 10.b4 Bf8 11.Qc2 a5 12.h3 Qc7 13.Rfd1 axb4 14.axb4 Rxa1 15.Rxa1 exd4
16.Nxd4 g6 17.Rd1 Bg7 18.Kh1 Ne5 19.f4 Ned7 20.Bf3 h6 21.Qd2 Qb8 22.Nde2 Bf8
23.g4 Qa8 24.Nd4 Qa3 25.Nc2 Qa6 26.Qd3 Qa8 27.Bg2 Qb8 28.Qd2 Qc7 29.Bf2 Nh7
30.Bg3 Qb6 31.Kh2 Qa6 32.Qd3 Qb6 33.Ne2 Qa7 34.Ned4 Qb6 35.Nf3 Qa7 36.Re1 Qa6
37.Ncd4 Qa4 38.Nc2 Qa6 39.Bf2 Qa8 40.e5 dxe5 41.fxe5 Bg7 42.Bg3 Qa2 43.Qc3 Nb6
44.Nd2 Rd8 45.Nd4 Na4 46.Qe3 Qb2 47.N2f3 Re8 48.b5 c5 49.Nb3 b6 50.Nfd2 Ng5
51.Nc1 Rd8 52.Ncb3 Be6 53.Rb1 Qc3 54.Rc1 Qb2 55.Rb1 Qc2 56.Rc1 Qb2 57.Rb1 Qc2  1/2-1/2

[Event "St Petersburg"]
[Site "St Petersburg"]
[Date "1994.??.??"]
[Round "?"]
[White "Svidler, Peter"]
[Black "Shulman, Yuri"]
[Result "1-0"]
[WhiteElo "2505"]
[BlackElo "2425"]

1.e4 c5 2.Nf3 e6 3.Nc3 a6 4.d4 cxd4 5.Nxd4 Qc7 6.g3 Bb4 7.Bd2 Nf6 8.Bg2 Nc6
9.Nb3 Be7 10.O-O d6 11.f4 b5 12.Qe2 Bb7 13.Rae1 O-O 14.Be3 Nd7 15.a3 Nb6
16.Kh1 Nc4 17.Bc1 Bf6 18.g4 Bxc3 19.bxc3 f5 20.h3 Kh8 21.a4 fxe4 22.axb5 axb5
23.Qxe4 Rae8 24.Nd4 Nd8 25.Qe2 Bxg2+ 26.Qxg2 Qd7 27.Nf3 Nc6 28.Ng5 d5 29.f5 exf5
30.Rxe8 Rxe8 31.gxf5 Nd8 32.Qg4 Nf7 33.Ne6 Nfe5 34.Qh4 Nd6 35.Qd4 Ndf7 36.Bf4 Qd6
37.Re1 b4 38.Bxe5 Nxe5 39.Rxe5 bxc3 40.Rxd5 Qg3 41.Qg4 Qe1+ 42.Kg2  1-0

[Event "St Petersburg"]
[Site "St Petersburg"]
[Date "1994.??.??"]
[Round "?"]
[White "Yemelin, Vasily"]
[Black "Shulman, Yuri"]
[Result "1-0"]
[WhiteElo "2475"]
[BlackElo "2425"]

1.e4 c5 2.Nf3 e6 3.d4 cxd4 4.Nxd4 Nc6 5.Nc3 Qc7 6.Be2 a6 7.O-O Nf6 8.Be3 Ne5
9.f4 Nc4 10.Bxc4 Qxc4 11.Qf3 Bb4 12.Na4 Qc7 13.c4 h5 14.c5 Ng4 15.Nb6 Rb8
16.Nb3 a5 17.a3 a4 18.axb4 axb3 19.Rfd1 O-O 20.Rd6 Nf6 21.Bd4 Ne8 22.e5 g6
23.Bf2 f6 24.Qd3 Kf7 25.Bh4 Nxd6 26.Qxd6 Qxd6 27.cxd6 f5 28.Ra3 Re8 29.Rxb3 Kg7
30.Bf6+ Kf7 31.Kf2 Rf8 32.Kg3 Re8 33.Kh4 Kg8 34.Kg5 Kh7 35.Rc3 Rf8 36.Rc7 Re8
37.Nxd7  1-0

[Event "St Petersburg"]
[Site "St Petersburg"]
[Date "1994.??.??"]
[Round "?"]
[White "Asanov, Bolat"]
[Black "Shulman, Yuri"]
[Result "1-0"]
[WhiteElo "2360"]
[BlackElo "2425"]

1.Nf3 c5 2.g3 Nc6 3.Bg2 g6 4.O-O Bg7 5.e4 Nf6 6.Re1 O-O 7.c3 d5 8.e5 Ne8
9.d4 Bg4 10.Be3 f6 11.h3 Bxf3 12.Qxf3 e6 13.exf6 Bxf6 14.Qg4 cxd4 15.Qxe6+ Kh8
16.Bf4 g5 17.Bd2 Qb6 18.Qxd5 Qxb2 19.Qb3 Qxa1 20.Na3 Qxe1+ 21.Bxe1 Nd6 22.Bxc6 bxc6
23.cxd4 Bxd4 24.Bc3 Bf6 25.Qb4 Rad8 26.Qa5 Rde8 27.Bb4 Be5 28.Qxa7 Rf6 29.Nc2 Ne4
30.Qd7 Ree6 31.Nd4 Bxd4 32.Qxd4 Kg7 33.Bc3 Kf7 34.Ba1 Nxf2 35.Qd7+ Re7 36.Qxe7+ Kxe7
37.Bxf6+ Kxf6 38.Kxf2 Ke5 39.Ke3 Kd5 40.Kd3 Kc5 41.Kc3 Kb5 42.Kb3 Kc5 43.Kc3 Kd5
44.g4 Kc5 45.a4 Kd5 46.Kb4 Kd4 47.a5 c5+ 48.Ka3 Kd5 49.Kb3 Kd6 50.Kc4 Kc6
51.a6 Kb6 52.a7 Kxa7 53.Kxc5 Kb7 54.Kd6 Kc8 55.Ke7  1-0

[Event "St Petersburg"]
[Site "St Petersburg"]
[Date "1994.??.??"]
[Round "?"]
[White "Shulman, Yuri"]
[Black "Kochyev, Alexander"]
[Result "1-0"]
[WhiteElo "2425"]
[BlackElo "2475"]

1.d4 Nf6 2.c4 g6 3.Nc3 Bg7 4.e4 d6 5.Nf3 O-O 6.Be2 e5 7.Be3 h6 8.O-O Nbd7
9.h3 exd4 10.Bxd4 Re8 11.Qc2 c6 12.Rad1 Qe7 13.Rfe1 b6 14.Bf1 Bb7 15.a3 Rad8
16.b4 Qf8 17.Be3 Nh7 18.Nd4 Nhf6 19.Nde2 Ne5 20.Ng3 Nh7 21.f4 Nd7 22.Bd4 Nhf6
23.Re2 h5 24.e5 dxe5 25.fxe5 Nh7 26.e6 Ndf6 27.Bc5 bxc5 28.Rxd8 Rxd8 29.e7 Qe8
30.exd8=Q Qxd8 31.Qd2 Qf8 32.Nce4 Ba6 33.Re1 cxb4 34.axb4 Bc8 35.Qd6 Be6
36.c5 Qc8 37.Nxf6+ Nxf6 38.Ne4 Nd7 39.Ng5 Bd5 40.Re7 Nf8 41.Bd3 Bh6 42.Ne4 Be3+
43.Kh2 Bd4 44.Nf6+ Bxf6 45.Qxf6 a6 46.Qd6 Ne6 47.Ra7 Ng5 48.Bxg6  1-0

[Event "St Petersburg"]
[Site "St Petersburg"]
[Date "1994.??.??"]
[Round "?"]
[White "Peregudov, Nickolai"]
[Black "Shulman, Yuri"]
[Result "0-1"]
[WhiteElo "2470"]
[BlackElo "2425"]

1.d4 Nf6 2.c4 g6 3.Nc3 Bg7 4.e4 O-O 5.f3 d6 6.Be3 c5 7.d5 e6 8.Nge2 exd5
9.cxd5 a6 10.a4 Nbd7 11.Ng3 h5 12.Be2 h4 13.Nf1 Ne5 14.Nd2 Bd7 15.O-O Qc8
16.Qc2 Nh5 17.Rfe1 f5 18.exf5 Bxf5 19.Nde4 Qd7 20.Rf1 Rae8 21.Qd2 c4 22.Kh1 Rf7
23.a5 Nf6 24.Nf2 Bh8 25.Kg1 Rfe7 26.Bg5 Rh7 27.h3 Qc8 28.Bxf6 Bxf6 29.Nce4 Qd8
30.Qb4 Rd7 31.Rfc1 Bg5 32.Rc3 Bf4 33.Bxc4 Nxc4 34.Qxc4 Be5 35.Rc2 Qe7 36.Ra4 Qg7
37.Rb4 Rf7 38.Qe2 Qh6 39.Rbc4 Ree7 40.Kf1 Bd7 41.Ke1 Qf4 42.Nd3 Qh2 43.Kd2 Bb5
44.Rc8+ Kg7 45.Qf2 g5 46.b3 Bd7 47.R8c7 Bf5 48.R7c4 Kg6 49.Qe2 Bg7 50.Rc1 Bh6
51.Kc3 Bxh3 52.Rc2 Bd7 53.Qd1 Bb5 54.g4 Qh3 55.Nxd6 Rxf3 56.Nf5 Rd7 57.Qe2 Bg7+
58.Nxg7 Rxg7 59.Kd4 Qxg4+ 60.Kc5 Rc7+ 61.Kb6 Bxc4 62.Qe8+ Kg7 63.Qe5+ Rf6+
64.Kxc7 Bxd3 65.Rc3 Qf5 66.Qd4 Bb5 67.Kxb7 Kg6 68.Rc7 h3  0-1

[Event "St Petersburg op"]
[Site "St Petersburg"]
[Date "1994.??.??"]
[Round "8"]
[White "Ioffe, A."]
[Black "Shulman, Yuri"]
[Result "1/2-1/2"]
[WhiteElo "2320"]
[BlackElo "2425"]

1.d4 Nf6 2.c4 g6 3.Nc3 Bg7 4.e4 O-O 5.Be3 d6 6.f3 c6 7.Qd2 e5 8.Nge2 Nbd7
9.O-O-O a5 10.Bh6 Bxh6 11.Qxh6 a4 12.h4 Qa5 13.h5 a3 14.b3 Nxh5 15.Kc2 exd4
16.Rxd4 f5 17.Rxd6 Qe5 18.Qd2 fxe4 19.Nxe4 Qb2+ 20.Kd1 Qa1+ 21.Nc1 Qg7 22.Qd4 Ndf6
23.Nxf6+ Nxf6 24.Bd3 Bf5 25.Re1 b5 26.Bxf5 gxf5 27.Ree6 Ne8 28.Qxg7+ Nxg7
29.Re7 f4 30.Rdd7 Nf5 31.Rxh7 bxc4 32.bxc4 Ra4 33.c5  1/2-1/2

[Event "Vladivostok"]
[Site "Vladivostok"]
[Date "1994.??.??"]
[Round "4"]
[White "Shulman, Yuri"]
[Black "Guliev, Sarhan"]
[Result "0-1"]
[WhiteElo "2435"]
[BlackElo "2490"]

1.d4 d5 2.c4 c6 3.Nf3 e6 4.Nc3 f5 5.Bf4 Nf6 6.e3 Be7 7.h3 Nbd7 8.Bd3 Nb6
9.Ne5 O-O 10.Qc2 Ne4 11.Bxe4 fxe4 12.O-O-O Bf6 13.c5 Nd7 14.Nxd7 Bxd7 15.Bd6 Re8
16.Kb1 b6 17.Ne2 Bc8 18.Nf4 Ba6 19.Ka1 Bc4 20.f3 bxc5 21.Bxc5 Qa5 22.a3 Qb5
23.Rc1 Bg5 24.fxe4 e5 25.a4 Qa5 26.exd5 cxd5 27.b4 Qa6 28.dxe5 Rxe5 29.Rhe1 Bf6
30.Kb1 Rb8 31.Rcd1 Qc6 32.Nd3 Re4 33.Nb2 a5 34.Rd2 axb4 35.Bd4 Ba2+ 36.Kc1 Qxc2+
37.Kxc2 Rc8+ 38.Kd1 Bxd4 39.Rxd4 Bb3+ 40.Ke2 Rxd4 41.exd4 Rc2+  0-1

[Event "Vladivostok"]
[Site "Vladivostok"]
[Date "1994.??.??"]
[Round "7"]
[White "Shulman, Yuri"]
[Black "Budnikov, Alexandar"]
[Result "1/2-1/2"]
[WhiteElo "2435"]
[BlackElo "2535"]

1.d4 Nf6 2.c4 e6 3.Nf3 b6 4.g3 Ba6 5.Nbd2 Bb7 6.Bg2 c5 7.e4 cxd4 8.O-O d6
9.Nxd4 Nbd7 10.b3 Qc7 11.Bb2 Be7 12.f4 O-O 13.f5 e5 14.Nb5 Qc5+ 15.Kh1 a6
16.Nc3 b5 17.g4 h6 18.Qe2 bxc4 19.Nxc4 Nb6 20.Ne3 d5 21.Nexd5 Nbxd5 22.exd5 Nxd5
23.Nxd5  1/2-1/2

[Event "Vladivostok"]
[Site "Vladivostok"]
[Date "1994.??.??"]
[Round "9"]
[White "Shulman, Yuri"]
[Black "Chekhov, Valery A"]
[Result "1/2-1/2"]
[WhiteElo "2435"]
[BlackElo "2490"]

1.d4 c5 2.d5 e5 3.e4 d6 4.h3 g6 5.Nf3 Bh6 6.Bxh6 Nxh6 7.Qc1 Ng8 8.Nc3 Kf8
9.Be2 Kg7 10.O-O Na6 11.Nd2 Nh6 12.Nc4 Nc7 13.a4 Qe7 14.f4 f6 15.fxe5 fxe5
16.Qe3 Bd7 17.Na5 Raf8 18.Nxb7 Rxf1+ 19.Rxf1 Rb8 20.Na5 Rxb2 21.Nb3 Rxc2
22.Bd1 Rxc3 23.Qxc3 Bxa4 24.Nxc5 Bb5 25.Nd3 Na6 26.Be2 Bxd3 27.Bxd3 Nc5 28.Bc2 Nf7
29.Qb4 h5 30.Qb8 h4 31.Ra1 a6 32.Qc8 a5 33.Qg4 a4 34.Kh2 Qg5 35.Qe2 Qg3+
36.Kh1 Ng5 37.Rf1 a3 38.Qe1 Qxe1 39.Rxe1 a2 40.Ra1 Ngxe4 41.Rxa2 Kf6 42.Ra7 Ng3+
43.Kg1 e4 44.Kf2 Nf5 45.Ra8 Ke5 46.Rg8 Kxd5 47.Rxg6 Ke5 48.Rg8 d5 49.Re8+ Kf4
50.Rf8 d4 51.Ke2 Ke5 52.Re8+ Kd5 53.Rh8 Ke5 54.Re8+  1/2-1/2

[Event "Wch U20"]
[Site "Halle"]
[Date "1995.??.??"]
[Round "1"]
[White "Shulman, Yuri"]
[Black "Dervishi, Erald"]
[Result "1-0"]
[WhiteElo "2540"]
[BlackElo "2310"]

1.e4 e5 2.f4 exf4 3.Nf3 g5 4.h4 g4 5.Ne5 Nf6 6.d4 d6 7.Nd3 Nxe4 8.Bxf4 Bg7
9.c3 Bf5 10.Nd2 Qe7 11.Nxe4 Qxe4+ 12.Qe2 Qxe2+ 13.Bxe2 O-O 14.h5 Re8 15.Kd2 Nd7
16.h6 Bf8 17.Bg5 Nb6 18.Nf4 Be7 19.Bxe7 Rxe7 20.Nh5 Nd5 21.Rae1 Bg6 22.Bxg4 Rae8
23.Rxe7 Rxe7 24.Bf3 Ne3 25.b3 c6 26.Nf4 Nf5 27.g4 Ng3 28.Re1 Ne4+ 29.Kc1 f5
30.Bxe4 fxe4 31.Kd2 Bf7 32.c4 d5 33.cxd5 Bxd5 34.Ke3 a5 35.Rh1 Bf7 36.Rc1 a4
37.bxa4 Bxa2 38.Rc5 Bb3 39.a5 Kf8 40.Rf5+ Ke8 41.Nh5 Kd8 42.Rf8+ Kc7 43.Nf6 c5
44.dxc5 Kc6 45.g5  1-0

[Event "Wch U20"]
[Site "Halle"]
[Date "1995.??.??"]
[Round "4"]
[White "Iordachescu, Viorel"]
[Black "Shulman, Yuri"]
[Result "1/2-1/2"]
[WhiteElo "2435"]
[BlackElo "2540"]

1.e4 e6 2.d3 d5 3.Nd2 Nf6 4.Ngf3 b6 5.c3 Be7 6.Qa4+ Nfd7 7.d4 O-O 8.Bd3 a5
9.exd5 exd5 10.Qc2 Nf6 11.O-O Ba6 12.Re1 Bxd3 13.Qxd3 Re8  1/2-1/2